| Tag |
First Indicator |
Second Indicator |
Subfields |
| LEADER |
00000pam a2200000 a 4500 |
| 001 |
in00000091478 |
| 005 |
20151008063954.0 |
| 008 |
810622s1982 nyua b 00110 eng |
| 010 |
|
|
|a 81011741
|
| 020 |
|
|
|a 0070350515 :
|c $22.95
|
| 035 |
|
|
|a (OCoLC)07596625
|
| 035 |
|
|
|9 AAK3284AM
|
| 039 |
0 |
|
|a 2
|b 3
|c 3
|d 3
|e 3
|
| 040 |
|
|
|a DLC
|c DLC
|d TXA
|d UtOrBLW
|
| 049 |
|
|
|a TXAM
|c [951876]
|
| 050 |
0 |
0 |
|a BF503
|b .K53
|
| 082 |
0 |
|
|a 153.8
|2 19
|
| 100 |
1 |
|
|a Klein, Stephen B.
|
| 245 |
1 |
0 |
|a Motivation, biosocial approaches /
|c Stephen B. Klein.
|
| 264 |
|
1 |
|a New York :
|b McGraw-Hill,
|c [1982]
|
| 264 |
|
4 |
|c ©1982
|
| 300 |
|
|
|a xiv, 578 pages :
|b illustrations ;
|c 25 cm.
|
| 336 |
|
|
|a text
|b txt
|2 rdacontent
|
| 337 |
|
|
|a unmediated
|b n
|2 rdamedia
|
| 338 |
|
|
|a volume
|b nc
|2 rdacarrier
|
| 490 |
1 |
|
|a McGraw-Hill series in psychology
|
| 500 |
|
|
|a Includes indexes.
|
| 504 |
|
|
|a Bibliography: pages 501-558.
|
| 650 |
|
0 |
|a Motivation (Psychology)
|
| 830 |
|
0 |
|a McGraw-Hill series in psychology.
|
| 999 |
|
|
|a MARS
|
| 999 |
f |
f |
|s b2561554-db2a-38f4-b406-b55e0f480418
|i 5aa6650a-b1a3-3a78-afc7-b043fe7e4a09
|t 0
|
| 952 |
f |
f |
|p ric
|a Texas A&M University
|b Rellis Campus
|c Joint Library Facility
|d Remote Storage
|t 0
|e BF503 .K53
|h Library of Congress classification
|i unmediated -- volume
|m A14806087366
|
| 998 |
f |
f |
|a BF503 .K53
|t 0
|l Remote Storage
|